Statistics for Name the Disney Princess movies

Click here to take the quiz!

General Stats

  • This quiz has been taken 421 times
  • The average score is 8 of 9

Answer Stats

HintAnswer% Correct
Her prince finds her by her glass slipperCinderella
98%
A girl that runs away to the woods, and lives with 7 dwarfsSnow white
93%
A sleeping princessSleeping beauty
89%
A princess that's friends with a beastBeauty and the beast
86%
A young girl that her mom turns into a bearBrave
85%
Two princess sisters that find true loveFrozen
81%
An girl that kisses a frogPrincess and the frog
80%
A girl that lives in the tower, with magical hairRapunzel
80%
A princess that has a pet cricketMulan
67%

Score Distribution

Percentile by Number Answered

Percent of People with Each Score

Your Score History

You have not taken this quiz